00810nam a2200229 i 4500001001000000003000900010005001700019007000300036008003600039040003000075041000700105082001900112100004000131245016100171250002600332264007600358300002700434336002700461337003300488338000800521710005100529000045068DO-SdBNP20250701140750.0ta100312s 2002 dr 000 0 spa d aDO-SdBNPbspacBNPHUerda hsp axxxbD542m2221 aDíaz Chávez, Santo Amaroeautor10aManual sobre comercio, porte y tenencia de armas de fuego en República Dominicana :borientación y guia para el ciudadano /cSanto Amaro Díaz Chávez aEdición actualizada aSanto Domingo :bSecretaría de Estado de Interior y Policía,c2002. a71 páginas ;c21 cm. ardacontentbtexto2txt ardamediabsin mediación2n arda1 aSecretaría de Estado de Interior y Policía